Introduction to computer science. (Record no. 113164)

MARC details
000 -LEADER
fixed length control field 00432nam a2200157Ia 4500
008 - FIXED-LENGTH DATA ELEMENTS--GENERAL INFORMATION
fixed length control field 210210b1983 xxu||||| |||| 00| 0 eng d
020 ## - INTERNATIONAL STANDARD BOOK NUMBER
International Standard Book Number 0 07 065163 9
082 ## - DEWEY DECIMAL CLASSIFICATION NUMBER
Classification number 001.64 TREI
100 ## - MAIN ENTRY--PERSONAL NAME
Personal name TREAMBLAY (Jean Paul) and BUNT (Richard B).
245 ## - TITLE STATEMENT
Title Introduction to computer science.
260 ## - PUBLICATION, DISTRIBUTION, ETC.
Place of publication, distribution, etc. Japan
Name of publisher, distributor, etc. McGraw Hill company
Date of publication, distribution, etc. 1983
300 ## - PHYSICAL DESCRIPTION
Extent xx,636
650 ## - SUBJECT ADDED ENTRY--TOPICAL TERM
Topical term or geographic name entry element Algorithm
690 ## - LOCAL SUBJECT ADDED ENTRY--TOPICAL TERM (OCLC, RLIN)
Topical term or geographic name as entry element Computer Science
906 ## - LOCAL DATA ELEMENT F, LDF (RLIN)
a SG01894
Holdings
Withdrawn status Lost status Damaged status Not for loan Collection code Home library Current library Shelving location Date acquired Cost, normal purchase price Total Checkouts Full call number Barcode Date last seen Price effective from Koha item type
          St Aloysius Library St Aloysius Library   02/17/2021 0.00   001.64 TREI SG01894 02/17/2021 02/17/2021 Special Grants